[Event "Nordic European subzonal 2B (w)"]
[Site "Eksjo SWE"]
[Date "1985.03.??"]
[Round "1"]
[White "De Linde, Anne"]
[Black "Dahlin, Jolanta"]
[Result "1/2-1/2"]
[WhiteElo "1905"]
[BlackElo "2080"]
[EventDate "1985.03.16"]
[PlyCount "118"]

1.e4 c5 2.Nf3 e6 3.d4 cxd4 4.Nxd4 Nc6 5.Nc3 d6 6.Be2 Nf6 7.O-O Be7 8.Be3 
Bd7 9.f4 Nxd4 10.Qxd4 Bc6 11.Bf3 O-O 12.Rad1 Qc7 13.Qd2 Rfd8 14.Qf2 b6 15.
Qg3 Bf8 16.f5 e5 17.Qh3 Qb7 18.Bg5 Be7 19.Bxf6 Bxf6 20.Nd5 Bg5 21.Qg4 Bxd5
22.Qxg5 f6 23.Qh4 Bf7 24.g4 h6 25.Qg3 g5 26.Qg2 Rac8 27.Rd2 Rc6 28.b3 Rc3 
29.Rd3 Rdc8 30.Rxc3 Rxc3 31.Qd2 Qc6 32.Bd1 Kg7 33.Rf3 Qc5+ 34.Kg2 Rxf3 35.
Bxf3 a5 36.Kf1 Be8 37.Kg2 Bc6 38.Qd3 b5 39.c4 bxc4 40.Qxc4 Qxc4 41.bxc4 
Ba4 42.Be2 Bc2 43.Kf3 Bb1 44.a3 Bc2 45.Ke3 Kf8 46.Bf3 Ke7 47.Kd2 Bb3 48.
Kc3 Ba4 49.Be2 Kd7 50.Bf3 Kc6 51.Be2 Kc5 52.Bf3 Bc6 53.Be2 Be8 54.Bf3 Bf7 
55.Be2 Be8 56.Bf1 h5 57.h3 h4 58.Be2 Bc6 59.Bf3 Ba4 1/2-1/2

[Event "Nordic European subzonal 2B (w)"]
[Site "Eksjo SWE"]
[Date "1985.03.??"]
[Round "1"]
[White "Johansson, Eva"]
[Black "Borisova-Ornstein, Borislava"]
[Result "0-1"]
[WhiteElo "1895"]
[BlackElo "2145"]
[EventDate "1985.03.16"]
[PlyCount "102"]

1.d4 Nf6 2.c4 e6 3.Nf3 Bb4+ 4.Bd2 Qe7 5.g3 Bxd2+ 6.Nbxd2 d6 7.Bg2 O-O 8.
O-O e5 9.dxe5 dxe5 10.e4 Nc6 11.h3 h6 12.Re1 Rd8 13.a3 a5 14.b3 Be6 15.Qc1
Qc5 16.Qb2 Ra6 17.Nb1 Rb6 18.Qc3 a4 19.Nbd2 axb3 20.Reb1 Nd4 21.Nxd4 Qxd4 
22.Qxd4 Rxd4 23.Nxb3 Rxc4 24.Na5 Rxb1+ 25.Rxb1 Ra4 26.Nxb7 Rxa3 27.Rc1 Ne8
28.Bf1 Kf8 29.Nc5 Bc8 30.g4 Ke7 31.Kg2 h5 32.f3 h4 33.Rc2 f6 34.Kf2 Nd6 
35.Be2 Nf7 36.Nb7 Bxb7 37.Rxc7+ Kf8 38.Rxb7 Ng5 39.Rb2 Nxh3+ 40.Kg2 Nf4+ 
41.Kf2 Rc3 42.Rd2 Rc1 43.Bd1 Rb1 44.Kg1 Kf7 45.Kf2 Kg6 46.Kg1 Kg5 47.Kf2 
Ne6 48.Kg2 Nd4 49.Kh3 Ra1 50.Be2 Kf4 51.Kg2 Ke3 0-1

[Event "Nordic European subzonal 2B (w)"]
[Site "Eksjo SWE"]
[Date "1985.03.??"]
[Round "1"]
[White "Pihlajamaki, Pirkko"]
[Black "Hoiberg, Nina"]
[Result "1/2-1/2"]
[WhiteElo "1920"]
[BlackElo "2145"]
[EventDate "1985.03.16"]
[PlyCount "98"]

1.d4 Nf6 2.c4 e5 3.dxe5 Ne4 4.Nf3 Nc6 5.a3 d6 6.Qd5 Nc5 7.Bg5 Be7 8.exd6 
cxd6 9.Bxe7 Qxe7 10.Nbd2 Be6 11.Qg5 f6 12.Qe3 a5 13.g3 O-O 14.Bg2 Qf7 15.
Qc3 a4 16.O-O Na5 17.Rac1 Qh5 18.Nd4 Bf7 19.e4 Ra6 20.Nf5 Be6 21.Ne7+ Kh8 
22.Nd5 Nab3 23.Rcd1 Qf7 24.f4 Bg4 25.Rde1 Qh5 26.Nf3 Bh3 27.Nd4 Bxg2 28.
Kxg2 Nxd4 29.Qxd4 Ne6 30.Qd1 Qxd1 31.Rxd1 Rc8 32.Ne3 Nc5 33.Kf3 Re8 34.Nf5
Re6 35.Rfe1 Rb6 36.Re2 Rb3+ 37.Kf2 Nxe4+ 38.Kg2 g6 39.Ne3 Rb6 40.Nd5 Rc6 
41.Nxf6 Rxf6 42.Rxe4 b5 43.cxb5 Rc2+ 44.Kf3 Rxb2 45.Rxa4 Rxb5 46.Ra6 Rb3+ 
47.Kg2 Rb2+ 48.Kf3 Rb3+ 49.Kg2 Rb2+ 1/2-1/2

[Event "Nordic European subzonal 2B (w)"]
[Site "Eksjo SWE"]
[Date "1985.03.??"]
[Round "1"]
[White "Torsteinsdottir, Gudlaug"]
[Black "Cramling, Pia"]
[Result "0-1"]
[WhiteElo "1985"]
[BlackElo "2400"]
[EventDate "1985.03.16"]
[PlyCount "84"]

1.d4 Nf6 2.c4 d6 3.Nc3 Nbd7 4.e4 e5 5.Be3 c6 6.f3 Be7 7.Nge2 O-O 8.Ng3 Re8
9.d5 Nf8 10.Bd3 Ng6 11.O-O c5 12.a3 Nf4 13.b4 b6 14.b5 g6 15.a4 h5 16.Rf2 
h4 17.Nge2 N6h5 18.Kh1 Kg7 19.g4 hxg3 20.hxg3 Rh8 21.Rh2 Nxg3+ 22.Nxg3 
Rxh2+ 23.Kxh2 Qh8+ 24.Kg1 Qh3 25.Bxf4 exf4 26.Nh1 Bf6 27.Bf1 Qh5 28.Ne2 
Qxf3 29.Nf2 Bd7 30.Bg2 Qe3 31.Rb1 Bh4 32.Qe1 f3 33.Qc3+ Qxc3 34.Nxc3 fxg2 
35.Kxg2 Bf6 36.Ne2 a6 37.Nd3 axb5 38.axb5 Ra2 39.Kf1 Bh3+ 40.Ke1 Bg4 41.
Ng1 Bd4 42.Kf1 Rd2 0-1

[Event "Nordic European subzonal 2B (w)"]
[Site "Eksjo SWE"]
[Date "1985.03.??"]
[Round "2"]
[White "Cramling, Pia"]
[Black "De Linde, Anne"]
[Result "1-0"]
[WhiteElo "2400"]
[BlackElo "1905"]
[EventDate "1985.03.16"]
[PlyCount "51"]

1.d4 d5 2.c4 e6 3.Nc3 Nf6 4.cxd5 exd5 5.Bg5 Be7 6.e3 Nbd7 7.Qc2 c6 8.Bd3 
Nf8 9.Nge2 Ne6 10.Bh4 h6 11.O-O O-O 12.Rab1 Bd7 13.b4 b5 14.a4 a6 15.f3 
Nc7 16.Bf2 Nfe8 17.e4 Rb8 18.axb5 axb5 19.e5 Qc8 20.Be3 Na8 21.g4 f5 22.
Nf4 Rf7 23.gxf5 Bxf5 24.e6 Rf8 25.Bxf5 Nf6 26.Bg6 1-0

[Event "Nordic European subzonal 2B (w)"]
[Site "Eksjo SWE"]
[Date "1985.03.??"]
[Round "2"]
[White "Dahlin, Jolanta"]
[Black "Johansson, Eva"]
[Result "1-0"]
[WhiteElo "2080"]
[BlackElo "1895"]
[EventDate "1985.03.16"]
[PlyCount "57"]

1.e4 d6 2.d4 Nf6 3.Nc3 g6 4.g3 Bg7 5.Bg2 O-O 6.Nge2 Nbd7 7.h3 c5 8.Be3 h6 
9.O-O Rb8 10.Qd2 Kh7 11.Rad1 b6 12.a4 a6 13.f4 Ng8 14.e5 Qc7 15.Nd5 Qd8 
16.c4 e6 17.Ndc3 dxe5 18.dxe5 Qc7 19.Qd6 Qa7 20.Qd3 Ne7 21.Qc2 Qc7 22.Rd2 
Bb7 23.Ne4 Nf5 24.Bf2 h5 25.Rfd1 Rbd8 26.g4 hxg4 27.hxg4 Ne7 28.Bh4 Rfe8 
29.Nd6 1-0

[Event "Nordic European subzonal 2B (w)"]
[Site "Eksjo SWE"]
[Date "1985.03.??"]
[Round "2"]
[White "Hoiberg, Nina"]
[Black "Borisova-Ornstein, Borislava"]
[Result "1-0"]
[WhiteElo "2145"]
[BlackElo "2145"]
[EventDate "1985.03.16"]
[PlyCount "83"]

1.e4 e6 2.Nf3 d5 3.e5 c5 4.b4 cxb4 5.a3 bxa3 6.Nxa3 Nc6 7.Nb5 a6 8.Nbd4 
Qb6 9.c3 Bc5 10.Nxc6 bxc6 11.d4 Be7 12.Bd3 c5 13.O-O c4 14.Bc2 Bd7 15.Ng5 
Nh6 16.Qh5 O-O-O 17.Nxf7 Be8 18.Bxh6 gxh6 19.Rfb1 Qa7 20.Ba4 Rf8 21.Bxe8 
Rdxe8 22.Qxh6 Bb4 23.Rxb4 Rxf7 24.Qc1 Rb7 25.Rba4 Rb6 26.Qa3 Kb7 27.g3 Rc8
28.Kg2 Rcc6 29.h4 Ka8 30.Rb4 Rxb4 31.Qxb4 Qb6 32.Rb1 Qxb4 33.Rxb4 Ka7 34.
f4 a5 35.Ra4 Kb6 36.g4 Rc8 37.f5 Rg8 38.Kf3 h5 39.g5 exf5 40.Kf4 Rf8 41.g6
Kb5 42.Ra3 1-0

[Event "Nordic European subzonal 2B (w)"]
[Site "Eksjo SWE"]
[Date "1985.03.??"]
[Round "2"]
[White "Pihlajamaki, Pirkko"]
[Black "Torsteinsdottir, Gudlaug"]
[Result "0-1"]
[WhiteElo "1920"]
[BlackElo "1985"]
[EventDate "1985.03.16"]
[PlyCount "58"]

1.d4 d5 2.c4 e6 3.Nc3 c5 4.e3 Nf6 5.Nf3 Nc6 6.cxd5 exd5 7.Be2 Be7 8.O-O 
O-O 9.dxc5 Bxc5 10.a3 a5 11.b3 d4 12.exd4 Nxd4 13.Nxd4 Bxd4 14.Bb2 Be6 15.
Rc1 Ne4 16.Nxe4 Bxb2 17.Qxd8 Rfxd8 18.Rc7 Bxa3 19.Bc4 Bxc4 20.Rxc4 Rac8 
21.Rxc8 Rxc8 22.Rb1 Kf8 23.Kf1 Ke7 24.Ke2 f5 25.Nd2 b5 26.Nf3 Rc2+ 27.Kd3 
Rxf2 28.Re1+ Kf6 29.Nd4 Rxg2 0-1

[Event "Nordic European subzonal 2B (w)"]
[Site "Eksjo SWE"]
[Date "1985.03.??"]
[Round "3"]
[White "Borisova-Ornstein, Borislava"]
[Black "Dahlin, Jolanta"]
[Result "1-0"]
[WhiteElo "2145"]
[BlackElo "2080"]
[EventDate "1985.03.16"]
[PlyCount "77"]

1.Nf3 c5 2.g3 g6 3.Bg2 Bg7 4.O-O Nc6 5.c4 e5 6.Nc3 Nge7 7.e3 f5 8.d3 O-O 
9.a3 a5 10.Rb1 h6 11.Ne1 d6 12.b3 Kh7 13.Nd5 Nxd5 14.cxd5 Ne7 15.b4 axb4 
16.axb4 b6 17.Qb3 Ba6 18.Bb2 Qd7 19.f4 cxb4 20.Qxb4 e4 21.Bxg7 Kxg7 22.
Qd4+ Kh7 23.Rf2 exd3 24.Nxd3 Bxd3 25.Qxd3 Rfb8 26.Rfb2 Nc8 27.e4 fxe4 28.
Bxe4 Ne7 29.Kg2 Ra5 30.h4 h5 31.Re1 Rb7 32.Rbe2 Nf5 33.Bf3 Kh6 34.Re6 Qf7 
35.Bxh5 Kxh5 36.g4+ Kh6 37.gxf5 Ra2+ 38.Kh1 Kg7 39.Qd4+ 1-0

[Event "Nordic European subzonal 2B (w)"]
[Site "Eksjo SWE"]
[Date "1985.03.??"]
[Round "3"]
[White "De Linde, Anne"]
[Black "Pihlajamaki, Pirkko"]
[Result "1-0"]
[WhiteElo "1905"]
[BlackElo "1920"]
[EventDate "1985.03.16"]
[PlyCount "79"]

1.e4 e6 2.d4 d5 3.exd5 exd5 4.Bd3 Bd6 5.Ne2 Nf6 6.Bg5 Nbd7 7.O-O O-O 8.c4 
Bxh2+ 9.Kh1 dxc4 10.Bxc4 Bd6 11.Nbc3 h6 12.Bh4 g5 13.Bg3 Nb6 14.Bb3 Bf5 
15.Qd2 Qd7 16.Rad1 Kg7 17.Bxd6 Qxd6 18.Ng3 Qd7 19.Bc2 Bg6 20.Nce4 Nbd5 21.
Rfe1 Rae8 22.Nc5 Qg4 23.Kg1 Nf4 24.Rc1 h5 25.Bd1 Qc8 26.Re3 N6d5 27.Rxe8 
Rxe8 28.Bf3 f6 29.Re1 c6 30.Ne2 b6 31.Nb3 Qf5 32.Nxf4 Rxe1+ 33.Qxe1 Qxf4 
34.Bxd5 cxd5 35.Qe7+ Bf7 36.Qxa7 Qd6 37.Qa4 Kg6 38.Nd2 Qf4 39.Qb4 Qd6 40.
Qxd6 1-0

[Event "Nordic European subzonal 2B (w)"]
[Site "Eksjo SWE"]
[Date "1985.03.??"]
[Round "3"]
[White "Johansson, Eva"]
[Black "Cramling, Pia"]
[Result "0-1"]
[WhiteElo "1895"]
[BlackElo "2400"]
[EventDate "1985.03.16"]
[PlyCount "42"]

1.d4 Nf6 2.c4 e6 3.Nf3 c5 4.d5 exd5 5.cxd5 d6 6.Nc3 g6 7.e4 Bg7 8.Be2 O-O 
9.O-O Re8 10.Nd2 Nbd7 11.Qc2 Ne5 12.f4 Neg4 13.Nf3 Nxe4 14.Nxe4 Bf5 15.Bd3
c4 16.Nf6+ Qxf6 17.Bxf5 Qxf5 18.Qxc4 Rac8 19.Qb5 Re7 20.Rd1 Qc2 21.Rf1 Re2
0-1

[Event "Nordic European subzonal 2B (w)"]
[Site "Eksjo SWE"]
[Date "1985.03.??"]
[Round "3"]
[White "Torsteinsdottir, Gudlaug"]
[Black "Hoiberg, Nina"]
[Result "0-1"]
[WhiteElo "1985"]
[BlackElo "2145"]
[EventDate "1985.03.16"]
[PlyCount "106"]

1.Nf3 Nc6 2.d4 d5 3.c4 Bg4 4.Nc3 e6 5.cxd5 exd5 6.Bf4 Nf6 7.a3 Bd6 8.Bxd6 
Qxd6 9.e3 O-O 10.Be2 a6 11.O-O Rae8 12.Rc1 Ne4 13.b4 Nxc3 14.Rxc3 Re6 15.
h3 Bh5 16.Qc2 Bg6 17.Bd3 Qd7 18.Rc1 Be4 19.Bxe4 dxe4 20.Ng5 Rg6 21.Nxe4 f5
22.Nc5 Qd5 23.Qb3 Rxg2+ 24.Kf1 Qxb3 25.Nxb3 Rh2 26.d5 Ne7 27.Rxc7 Nxd5 28.
Rxb7 f4 29.e4 f3 30.Ke1 Re8 31.Rc4 Nf6 32.Nc5 h5 33.Kd2 Rxh3 34.Rb6 Rd8+ 
35.Kc3 Rh2 36.Ne6 Re8 37.Rc7 Rg2 38.Kd3 h4 39.e5 Nd5 40.Rxg7+ Rxg7 41.Nxg7
Kxg7 42.Rc6 Rxe5 43.Rc4 h3 44.Rh4 Kg6 45.Rxh3 Nf4+ 46.Kd4 Rd5+ 47.Ke4 Nxh3
48.Kxd5 Nxf2 49.Kd4 Ne4 50.Ke3 f2 51.Ke2 Kf5 52.a4 Kf4 53.b5 Kg3 0-1

[Event "Nordic European subzonal 2B (w)"]
[Site "Eksjo SWE"]
[Date "1985.03.??"]
[Round "4"]
[White "Cramling, Pia"]
[Black "Borisova-Ornstein, Borislava"]
[Result "1-0"]
[WhiteElo "2400"]
[BlackElo "2145"]
[EventDate "1985.03.16"]
[PlyCount "59"]

1.Nf3 Nf6 2.c4 e6 3.Nc3 Bb4 4.Qc2 O-O 5.a3 Be7 6.e4 c5 7.e5 Ne8 8.d4 cxd4 
9.Nxd4 d6 10.exd6 Qxd6 11.Be3 Nc6 12.Nf3 e5 13.Rd1 Qb8 14.Nd5 f5 15.c5 f4 
16.Nxe7+ Nxe7 17.Ng5 g6 18.Bc1 Nc6 19.b4 Nd4 20.Qc4+ Kg7 21.Bb2 h6 22.Rxd4
hxg5 23.Re4 Rf5 24.g4 fxg3 25.hxg3 Nf6 26.g4 b5 27.Qxb5 Qc7 28.gxf5 Nxe4 
29.Qe8 Kf6 30.Qxg6+ 1-0

[Event "Nordic European subzonal 2B (w)"]
[Site "Eksjo SWE"]
[Date "1985.03.??"]
[Round "4"]
[White "Hoiberg, Nina"]
[Black "Dahlin, Jolanta"]
[Result "1-0"]
[WhiteElo "2145"]
[BlackElo "2080"]
[EventDate "1985.03.16"]
[PlyCount "77"]

1.e4 c5 2.Nf3 e6 3.d4 cxd4 4.Nxd4 Nc6 5.Nc3 d6 6.Be2 Be7 7.O-O Nf6 8.Kh1 
O-O 9.f4 a6 10.Be3 Qc7 11.Bf3 Nxd4 12.Bxd4 e5 13.Be3 exf4 14.Bxf4 Be6 15.
Qe1 Nd7 16.Nd5 Bxd5 17.exd5 Bf6 18.c3 Rfe8 19.Qg3 Be5 20.Be4 g6 21.Bc2 Nb6
22.Rad1 Re7 23.Qh4 Bxf4 24.Rxf4 Rae8 25.Ba4 Nxa4 26.Rxa4 Re2 27.Rb4 Qe7 
28.Qxe7 R8xe7 29.h3 Rc2 30.Rb6 Ree2 31.Rg1 Rxb2 32.Rxd6 Rec2 33.Rd7 Rxc3 
34.Rf1 f5 35.Re1 Kf8 36.Ree7 Rg3 37.Rf7+ Kg8 38.Rg7+ Kh8 39.Rge7 1-0

[Event "Nordic European subzonal 2B (w)"]
[Site "Eksjo SWE"]
[Date "1985.03.??"]
[Round "4"]
[White "Pihlajamaki, Pirkko"]
[Black "Johansson, Eva"]
[Result "1/2-1/2"]
[WhiteElo "1920"]
[BlackElo "1895"]
[EventDate "1985.03.16"]
[PlyCount "92"]

1.d4 d5 2.c4 c6 3.Nc3 e6 4.Nf3 dxc4 5.a4 Bb4 6.e3 b5 7.Be2 Bb7 8.O-O a6 9.
Qc2 Nf6 10.Ne5 Nbd7 11.Rd1 Qc7 12.Nxd7 Qxd7 13.Bf3 O-O 14.e4 h6 15.Bf4 
Rfd8 16.Ne2 Qe8 17.g4 Nh7 18.e5 Be7 19.Bg2 Rd7 20.Be3 Qc8 21.Ng3 Qc7 22.
Ne4 Rad8 23.f4 Nf8 24.Nc5 Bxc5 25.dxc5 Rxd1+ 26.Rxd1 Rxd1+ 27.Qxd1 Qd7 28.
Qd6 f6 29.axb5 axb5 30.Bd4 Kf7 31.h4 Qxd6 32.cxd6 Nd7 33.Bc3 fxe5 34.Bxe5 
b4 35.Kf2 Nc5 36.Ke3 g5 37.hxg5 hxg5 38.fxg5 Nd7 39.Bh8 e5 40.Be4 Ke6 41.
Bf5+ Kxd6 42.Bxd7 Kxd7 43.Bxe5 c5 44.g6 Bd5 45.Kd2 Kc6 46.g7 Bg8 1/2-1/2

[Event "Nordic European subzonal 2B (w)"]
[Site "Eksjo SWE"]
[Date "1985.03.??"]
[Round "4"]
[White "Torsteinsdottir, Gudlaug"]
[Black "De Linde, Anne"]
[Result "1/2-1/2"]
[WhiteElo "1985"]
[BlackElo "1905"]
[EventDate "1985.03.16"]
[PlyCount "62"]

1.Nf3 d5 2.d4 Nf6 3.c4 e6 4.Nc3 Nbd7 5.Bf4 a6 6.e3 dxc4 7.Bxc4 b5 8.Bd3 
Bb7 9.Rc1 Rc8 10.O-O c5 11.Re1 Be7 12.Bb1 O-O 13.Ne5 Nb6 14.a3 cxd4 15.
exd4 Nbd5 16.Bg5 Nd7 17.Qd3 g6 18.Bh6 Re8 19.Qh3 Nxe5 20.dxe5 Nxc3 21.Rxc3
Rxc3 22.Qxc3 Bg5 23.Bxg5 Qxg5 24.Be4 Rc8 25.Qa5 Bxe4 26.Rxe4 Qc1+ 27.Re1 
Qxb2 28.h4 Rc1 29.Qd8+ Kg7 30.Qf6+ Kg8 31.Qd8+ Kg7 1/2-1/2

[Event "Nordic European subzonal 2B (w)"]
[Site "Eksjo SWE"]
[Date "1985.03.??"]
[Round "5"]
[White "Borisova-Ornstein, Borislava"]
[Black "Pihlajamaki, Pirkko"]
[Result "1-0"]
[WhiteElo "2145"]
[BlackElo "1920"]
[EventDate "1985.03.16"]
[PlyCount "61"]

1.Nf3 Nf6 2.g3 g6 3.Bg2 Bg7 4.O-O O-O 5.c4 d6 6.d4 c5 7.d5 Na6 8.Nc3 Nc7 
9.Nd2 a6 10.Rb1 b5 11.cxb5 axb5 12.b4 Nd7 13.Qc2 Ba6 14.Nde4 c4 15.h4 h5 
16.Bg5 Nf6 17.Qd2 Rc8 18.Nxf6+ exf6 19.Bh6 Qe7 20.Bxg7 Kxg7 21.e4 Rb8 22.
Ne2 Bc8 23.Nd4 Bd7 24.f4 Rb6 25.Rbe1 Ra6 26.e5 Rfa8 27.e6 Be8 28.exf7 Qxf7
29.Ne6+ Kh7 30.f5 Qd7 31.Nf8+ 1-0

[Event "Nordic European subzonal 2B (w)"]
[Site "Eksjo SWE"]
[Date "1985.03.??"]
[Round "5"]
[White "Dahlin, Jolanta"]
[Black "Cramling, Pia"]
[Result "0-1"]
[WhiteElo "2080"]
[BlackElo "2400"]
[EventDate "1985.03.16"]
[PlyCount "104"]

1.e4 c5 2.Nf3 Nc6 3.d4 cxd4 4.Nxd4 Nf6 5.Nc3 d6 6.Nb3 e6 7.Be2 Be7 8.O-O 
O-O 9.Be3 a6 10.a4 b6 11.f4 Qc7 12.Qe1 Nb4 13.Qf2 Nd7 14.Rac1 Bb7 15.Qg3 
Bf6 16.f5 Be5 17.Bf4 exf5 18.Bxe5 dxe5 19.exf5 Nf6 20.Kh1 Rad8 21.Bf3 Bc8 
22.Ne4 Nxe4 23.Bxe4 f6 24.c3 Nd5 25.Qf3 Ne7 26.h3 Qc4 27.Bc2 Bxf5 28.Bxf5 
Nxf5 29.Qxf5 Qxb3 30.Rf2 Rfe8 31.Qe4 Qd5 32.Re1 Qxe4 33.Rxe4 Kf7 34.Rfe2 
Rd5 35.Rc4 Ke6 36.a5 b5 37.Rc6+ Rd6 38.Rc7 Re7 39.Rc5 Red7 40.Kg1 Rd1+ 41.
Kf2 Kf5 42.Rc6 R1d6 43.Rc5 h5 44.Rc8 Rd1 45.Rc6 R7d6 46.Rc7 g6 47.Rc5 h4 
48.Rc8 Ra1 49.b4 Rc1 50.Rc5 Kf4 51.Rc8 e4 52.Re8 f5 0-1

[Event "Nordic European subzonal 2B (w)"]
[Site "Eksjo SWE"]
[Date "1985.03.??"]
[Round "5"]
[White "De Linde, Anne"]
[Black "Hoiberg, Nina"]
[Result "0-1"]
[WhiteElo "1905"]
[BlackElo "2145"]
[EventDate "1985.03.16"]
[PlyCount "86"]

1.e4 Nh6 2.d4 g6 3.Nf3 d6 4.Be2 Bg7 5.Nbd2 O-O 6.O-O f5 7.exf5 Nxf5 8.c3 
c6 9.Nc4 Nd7 10.Bd3 d5 11.Nce5 Nxe5 12.Nxe5 Nd6 13.Qc2 Bf5 14.Be3 Bxd3 15.
Qxd3 Rf5 16.Nf3 Qf8 17.Rae1 Qf6 18.Re2 Rf8 19.Ne5 Qh4 20.Bc1 Ne4 21.f3 
Bxe5 22.dxe5 Ng5 23.Bd2 Ne6 24.Rff2 Nf4 25.Bxf4 Qxf4 26.Qe3 Qxe3 27.Rxe3 
Kf7 28.g3 Ke6 29.f4 c5 30.Rd3 g5 31.Rdf3 d4 32.Kf1 Kd5 33.Kg2 b5 34.cxd4 
cxd4 35.Ra3 gxf4 36.gxf4 Rxf4 37.Rxf4 Rxf4 38.Rxa7 Rf7 39.Ra3 Ke4 40.Rh3 
d3 41.e6 Rf6 42.Rh4+ Ke3 43.Rh5 Rxe6 0-1

[Event "Nordic European subzonal 2B (w)"]
[Site "Eksjo SWE"]
[Date "1985.03.??"]
[Round "5"]
[White "Johansson, Eva"]
[Black "Torsteinsdottir, Gudlaug"]
[Result "0-1"]
[WhiteElo "1895"]
[BlackElo "1985"]
[EventDate "1985.03.16"]
[PlyCount "108"]

1.d4 d5 2.c4 e6 3.Nf3 c5 4.cxd5 exd5 5.g3 Nc6 6.Bg2 Nf6 7.O-O Be7 8.Nc3 
O-O 9.b3 Re8 10.Bb2 Bg4 11.dxc5 Bxc5 12.Na4 Bf8 13.h3 Bf5 14.Rc1 Ne4 15.
Nd4 Nxd4 16.Bxd4 Qa5 17.Bb2 Rad8 18.Nc3 Bb4 19.Qd4 Nxc3 20.Rxc3 f6 21.Rf3 
Re4 22.Qd1 d4 23.Rxf5 Qxf5 24.Bxe4 Qxe4 25.Qd3 Qxd3 26.exd3 Bc3 27.Rb1 Kf7
28.Kf1 Ke6 29.Ba3 Kd5 30.Rc1 Re8 31.Rc2 Re1+ 32.Kg2 Rd1 33.Bf8 g6 34.Bg7 
f5 35.Re2 Rxd3 36.Re7 Rd2 37.a4 Kc6 38.Bh6 Rb2 39.Rxh7 d3 40.Re7 Re2 41.
Rh7 d2 42.Bxd2 Rxd2 43.Rh6 Rd6 44.h4 Bd2 45.f4 Kd5 46.h5 gxh5 47.Rxh5 Ke4 
48.Rh7 a5 49.Re7+ Kd4 50.Rxb7 Rd5 51.Kf3 Bb4 52.Rc7 Rc5 53.Rd7+ Kc3 54.g4 
fxg4+ 0-1

[Event "Nordic European subzonal 2B (w)"]
[Site "Eksjo SWE"]
[Date "1985.03.??"]
[Round "6"]
[White "De Linde, Anne"]
[Black "Johansson, Eva"]
[Result "1/2-1/2"]
[WhiteElo "1905"]
[BlackElo "1895"]
[EventDate "1985.03.16"]
[PlyCount "88"]

1.e4 d6 2.d4 Nf6 3.Nc3 g6 4.Nf3 Bg7 5.Be2 O-O 6.O-O Nc6 7.h3 e5 8.dxe5 
dxe5 9.Bg5 Be6 10.Bb5 Qxd1 11.Raxd1 Nb4 12.Nxe5 Nxc2 13.Rd2 Nb4 14.a3 Na6 
15.Bxa6 bxa6 16.Bxf6 Bxf6 17.Nd7 Bxc3 18.bxc3 Rfd8 19.Rfd1 Rdc8 20.Nc5 Bc4
21.Rd4 Bb5 22.a4 Be8 23.Nxa6 c5 24.Rd5 Bxa4 25.Ra1 Bc6 26.Rxc5 Bxe4 27.
Raa5 Rxc5 28.Rxc5 Bd3 29.Nb4 Bf5 30.Ra5 Be6 31.Nc6 a6 32.Re5 Kf8 33.Kh2 
Kg7 34.Ra5 Bc4 35.Ne5 Bb5 36.c4 Be8 37.Kg3 f6 38.Nd3 Bf7 39.c5 Bc4 40.Nb4 
Kf7 41.c6 Ke7 42.c7 Be6 43.Rxa6 Rxa6 44.Nxa6 Kd6 1/2-1/2

[Event "Nordic European subzonal 2B (w)"]
[Site "Eksjo SWE"]
[Date "1985.03.??"]
[Round "6"]
[White "Hoiberg, Nina"]
[Black "Cramling, Pia"]
[Result "0-1"]
[WhiteElo "2145"]
[BlackElo "2400"]
[EventDate "1985.03.16"]
[PlyCount "134"]

1.e4 c5 2.Nf3 e6 3.d4 cxd4 4.Nxd4 Nc6 5.Nc3 d6 6.Be3 Nf6 7.Bc4 a6 8.Bb3 
Be7 9.f4 Qc7 10.Qf3 b5 11.e5 Bb7 12.Nxe6 fxe6 13.exf6 Bxf6 14.Qh3 Nd8 15.
O-O d5 16.f5 d4 17.Bf4 Qc5 18.Ne2 Qxf5 19.Qxf5 exf5 20.Rad1 Nc6 21.Rfe1 
Kd7 22.c3 Rhe8 23.cxd4 Rad8 24.d5 Na5 25.Bc2 g6 26.b3 Rc8 27.Bb1 Ba8 28.
Bd2 Nb7 29.Nf4 Nd6 30.Bb4 Bc3 31.Rxe8 Nxe8 32.Bxc3 Rxc3 33.Ne6 Nf6 34.b4 
Kd6 35.Nc5 a5 36.Bd3 axb4 37.Na6 Nxd5 38.Bxb5 Ke5 39.Bf1 Bb7 40.Rb1 Bxa6 
41.Bxa6 Rc2 42.h3 Ne3 43.Bb7 Kf4 44.Re1 Rc3 45.Kf2 Rc2+ 46.Kg1 Nc4 47.Bd5 
Nd2 48.Kh2 Rc3 49.Bg8 h6 50.Bf7 g5 51.Bd5 Re3 52.Rc1 Rd3 53.Bf7 Rc3 54.Re1
Re3 55.Rc1 Re2 56.Bd5 Ke5 57.Bf7 f4 58.Bh5 f3 59.Kh1 Kf4 60.gxf3 Kg3 61.
Rg1+ Kh4 62.Bg4 h5 63.f4 hxg4 64.Rxg4+ Kxh3 65.Rxg5 Nf3 66.Rh5+ Kg3 67.Rh2
Re1# 0-1

[Event "Nordic European subzonal 2B (w)"]
[Site "Eksjo SWE"]
[Date "1985.03.??"]
[Round "6"]
[White "Pihlajamaki, Pirkko"]
[Black "Dahlin, Jolanta"]
[Result "0-1"]
[WhiteElo "1920"]
[BlackElo "2080"]
[EventDate "1985.03.16"]
[PlyCount "88"]

1.d4 Nf6 2.c4 e6 3.Nc3 Bb4 4.e3 c5 5.Bd3 Nc6 6.Nf3 Bxc3+ 7.bxc3 d6 8.e4 e5
9.d5 Ne7 10.Bg5 Ng6 11.h3 h6 12.Be3 O-O 13.Qd2 Nh7 14.O-O Qf6 15.Kh2 Nf4 
16.Bxf4 exf4 17.Rfe1 Ng5 18.Nxg5 Qxg5 19.Bf1 Re8 20.Re2 Re5 21.Rae1 Bd7 
22.f3 Qg3+ 23.Kh1 Rae8 24.Rb1 b6 25.Qe1 Qg5 26.a4 Bc8 27.Ra2 f5 28.a5 bxa5
29.Rxa5 fxe4 30.fxe4 Rxe4 31.Qf2 R4e7 32.Raa1 Bf5 33.Re1 Kh7 34.h4 Qg4 35.
Rxe7 Rxe7 36.Re1 Rxe1 37.Qxe1 Qg3 38.Qxg3 fxg3 39.Be2 Kg6 40.Kg1 Kf6 41.
Kf1 Ke5 42.Ke1 Kf4 43.Kd2 Be4 44.Bf1 a5 0-1

[Event "Nordic European subzonal 2B (w)"]
[Site "Eksjo SWE"]
[Date "1985.03.??"]
[Round "6"]
[White "Torsteinsdottir, Gudlaug"]
[Black "Borisova-Ornstein, Borislava"]
[Result "0-1"]
[WhiteElo "1985"]
[BlackElo "2145"]
[EventDate "1985.03.16"]
[PlyCount "132"]

1.Nf3 Nf6 2.d4 e6 3.Bg5 h6 4.Bh4 c5 5.e3 b6 6.c4 cxd4 7.exd4 Bb4+ 8.Nc3 g5
9.Bg3 Ne4 10.Qc1 Bb7 11.Be5 f6 12.Bxb8 Qxb8 13.a3 Bxc3+ 14.bxc3 Qf4 15.
Qxf4 gxf4 16.Nh4 Rg8 17.Be2 Rc8 18.Bh5+ Kd8 19.f3 Nd6 20.Ng6 Rxc4 21.Kd2 
Ra4 22.Rhe1 Nc4+ 23.Kc2 Ra5 24.Nxf4 Rgg5 25.Bg4 Rgb5 26.a4 Rb2+ 27.Kc1 Rf2
28.Bh3 Bc6 29.Nd3 Rd2 30.Rd1 Rxd1+ 31.Kxd1 Bxa4+ 32.Kc1 Kc7 33.g4 Bc6 34.
Rxa5 Nxa5 35.f4 Nc4 36.Bf1 Nd6 37.Be2 Ne4 38.Kc2 Ba4+ 39.Kb2 Bb5 40.Kb3 a5
41.Kc2 Nf2 42.Nxf2 Bxe2 43.h3 Bf3 44.Kb3 d5 45.Nd3 Bd1+ 46.Ka3 Be2 47.Ne1 
b5 48.Nc2 Kd6 49.Ne3 Bd3 50.h4 Be4 51.g5 fxg5 52.fxg5 hxg5 53.hxg5 Bf3 54.
Kb3 Ke7 55.Nf1 Kf7 56.Kc2 Kg6 57.Nd2 Be4+ 58.Kb2 a4 59.Ka3 Kxg5 60.Kb4 Bd3
61.Nf3+ Kf4 62.Ne5 Ke3 63.Nd7 Kd2 64.Nc5 a3 65.Kb3 Bc4+ 66.Kxa3 Kxc3 0-1

[Event "Nordic European subzonal 2B (w)"]
[Site "Eksjo SWE"]
[Date "1985.03.??"]
[Round "7"]
[White "Borisova-Ornstein, Borislava"]
[Black "De Linde, Anne"]
[Result "1-0"]
[WhiteElo "2145"]
[BlackElo "1905"]
[EventDate "1985.03.16"]
[PlyCount "81"]

1.Nf3 d5 2.g3 e6 3.Bg2 Nf6 4.O-O Be7 5.c4 dxc4 6.Qa4+ Nbd7 7.Qxc4 a6 8.b3 
c5 9.Bb2 b5 10.Qf4 Bb7 11.d4 Rc8 12.dxc5 Rxc5 13.Nc3 O-O 14.Rac1 Re8 15.
Rfd1 Qc7 16.Qxc7 Rxc7 17.Nd5 Rxc1 18.Nxe7+ Rxe7 19.Rxc1 Nb6 20.Ba3 Re8 21.
Rc7 Bxf3 22.Bxf3 Nbd5 23.Ra7 Nc3 24.Rxa6 Nxa2 25.Bc6 Rc8 26.Bxb5 Nc3 27.
Bd3 Nd7 28.f4 Nd5 29.Ra7 N7f6 30.h3 Ne3 31.Kf2 Nf5 32.b4 Nd4 33.b5 Nd5 34.
Ra6 Nc7 35.Rb6 Nd5 36.Rd6 Nb3 37.e4 Nf6 38.Ra6 h6 39.b6 Nxe4+ 40.Bxe4 Nd2 
41.Ra8 1-0

[Event "Nordic European subzonal 2B (w)"]
[Site "Eksjo SWE"]
[Date "1985.03.??"]
[Round "7"]
[White "Cramling, Pia"]
[Black "Pihlajamaki, Pirkko"]
[Result "1-0"]
[WhiteElo "2400"]
[BlackElo "1920"]
[EventDate "1985.03.16"]
[PlyCount "39"]

1.Nf3 Nf6 2.d4 g6 3.c4 Bg7 4.Nc3 O-O 5.e4 d6 6.Be3 Ng4 7.Bg5 h6 8.Bh4 Nd7 
9.Qc2 g5 10.Bg3 e5 11.Rd1 exd4 12.Nxd4 Nde5 13.c5 Re8 14.cxd6 Qxd6 15.Bb5 
Bd7 16.O-O Qc5 17.Nb3 Qe7 18.Nd5 Qf8 19.Bxd7 Nxd7 20.Nxc7 1-0

[Event "Nordic European subzonal 2B (w)"]
[Site "Eksjo SWE"]
[Date "1985.03.??"]
[Round "7"]
[White "Dahlin, Jolanta"]
[Black "Torsteinsdottir, Gudlaug"]
[Result "1/2-1/2"]
[WhiteElo "2080"]
[BlackElo "1985"]
[EventDate "1985.03.16"]
[PlyCount "35"]

1.e4 c5 2.Nf3 Nc6 3.d4 cxd4 4.Nxd4 g6 5.c4 Bg7 6.Be3 Nf6 7.Nc3 O-O 8.Be2 
d6 9.O-O Bd7 10.Rc1 Ng4 11.Bxg4 Bxd4 12.Bxd4 Bxg4 13.f3 Be6 14.b3 Nxd4 15.
Qxd4 Qa5 16.Rc2 Rac8 17.Rfc1 Rc5 18.Qe3 1/2-1/2

[Event "Nordic European subzonal 2B (w)"]
[Site "Eksjo SWE"]
[Date "1985.03.??"]
[Round "7"]
[White "Johansson, Eva"]
[Black "Hoiberg, Nina"]
[Result "0-1"]
[WhiteElo "1895"]
[BlackElo "2145"]
[EventDate "1985.03.16"]
[PlyCount "84"]

1.d4 Nf6 2.c4 d6 3.Nc3 g6 4.e4 Bg7 5.Be2 O-O 6.Be3 Nc6 7.Nf3 Ng4 8.Bg5 f6 
9.Bd2 e5 10.dxe5 Ngxe5 11.Nxe5 fxe5 12.O-O Nd4 13.Bg4 Ne6 14.Rc1 Qh4 15.
Nd5 Rf7 16.b4 Bd7 17.g3 Qd8 18.Bf3 Nd4 19.Bg2 Qc8 20.f3 Bh3 21.Be3 Bxg2 
22.Kxg2 Qd7 23.Bxd4 exd4 24.Qd3 Bh6 25.Rc2 c6 26.Nf4 Bxf4 27.gxf4 c5 28.b5
Rxf4 29.a4 Raf8 30.a5 Rh4 31.Rcf2 Qc7 32.a6 bxa6 33.bxa6 Qc8 34.Qa3 Rff4 
35.Rb1 Qh3+ 36.Kg1 Rfg4+ 37.Kh1 Rxe4 38.Qb2 Re8 39.Qb7 Qf5 40.Qd5+ Qxd5 
41.cxd5 d3 42.Rb7 Rd4 0-1